Las mejores leyendas mitológicas /

Guardado en:
Autor Principal: Repollés, José
Formato: Libro
Publicado: Madrid : Optima
Edición:2a. ed.
Materias:
Etiquetas: Agregar Etiqueta
Sin Etiquetas, Sea el primero en etiquetar este registro!
LEADER 00633nam a22002415a 4500
001 CEM.cems011574
005 20070906171822.0
008 130507b######################000#0#####d
003 CEMS
020 |a 8489693900 
082 0 4 |a 398.22 
100 1 |a Repollés, José 
245 1 0 |a Las mejores leyendas mitológicas /  |c José Repolles 
250 |a 2a. ed. 
260 |a Madrid :  |b Optima 
300 |a 415 p. 
653 |a Leyendas 
653 |a Leyendas mitológicas 
653 |a Mitología 
653 |a Mitos 
653 |a Leyendas 
653 |a Literatura juvenil 
859 |a CEMS  |b BIB. CEMS - 11 de abril  |h 398.22  |i R296a2  |p 22530.04  |t Ej.1